Exploring consciousness: non-duality to non-locality
| Corporate Author: | |
|---|---|
| Contributors: | ; ; |
| Format: | Print Book |
| Language: | English |
| Subito Delivery Service: | Order now. |
| Check availability: | HBZ Gateway |
| Interlibrary Loan: | Interlibrary Loan for the Fachinformationsdienste (Specialized Information Services in Germany) |
| Published: |
New Delhi, India
Motilal Banarsidass Publications
2024
|
| In: | Year: 2024 |
| Edition: | First edition |
| Standardized Subjects / Keyword chains: | B
Indian philosophy
/ Consciousness
/ Spirit
/ Body
/ Intercultural philosophy
/ Natural sciences
|
| Further subjects: | B
Philosophy and science ; Congresses
B Consciousness ; Religious aspects ; Jainism ; Congresses B Mind and body ; Congresses B Yoga ; Congresses B Consciousness ; Congresses B Consciousness ; Religious aspects ; Hinduism ; Congresses B Conference program |
| Online Access: |
Table of Contents |
MARC
| LEADER | 00000cam a2200000 c 4500 | ||
|---|---|---|---|
| 001 | 188927609X | ||
| 003 | DE-627 | ||
| 005 | 20251227180305.0 | ||
| 007 | tu | ||
| 008 | 240517s2024 ii ||||| 00| ||eng c | ||
| 020 | |a 9789391759940 |c HB |9 978-93-91759-94-0 | ||
| 035 | |a (DE-627)188927609X | ||
| 035 | |a (DE-599)KXP188927609X | ||
| 035 | |a (IiNdDKA)DK-310477-HBD | ||
| 040 | |a DE-627 |b ger |c DE-627 |e rda | ||
| 041 | |a eng | ||
| 044 | |c XB-IN | ||
| 082 | 0 | |a 128.2 |2 23 | |
| 084 | |a SUEDASIEN |q DE-16 |2 fid | ||
| 084 | |a 0 |2 ssgn | ||
| 245 | 0 | 0 | |a Exploring consciousness |b non-duality to non-locality |c preface by His Holiness the Dalai Lama ; editors Côme Carpentier, Anmol Mahajan |
| 250 | |a First edition | ||
| 264 | 1 | |a New Delhi, India |b Motilal Banarsidass Publications |c 2024 | |
| 300 | |a xxvii, 485 Seiten |b Illustrationen |c 23 cm | ||
| 336 | |a Text |b txt |2 rdacontent | ||
| 337 | |a ohne Hilfsmittel zu benutzen |b n |2 rdamedia | ||
| 338 | |a Band |b nc |2 rdacarrier | ||
| 500 | |a Literaturverzeichnis: Seite 244-458 und Index | ||
| 500 | |a "... first International Conference on Exploring Consciousness, the Man-Machine Debate, From Non Duality to Non Locality held on 22-24 September, 2022 at the National Institute of Mental Health and Neurological Sciences (NIMHANS), at Banglore, India, at the initiative of the India Foundation, with support from the Ministry of AYUSH, the Indian Council of Philosophical Research and the Federation of Karnataka Chambers of Commerce & Industry"--Foreword. - Includes bibliographical references (pages 360-458) and index | ||
| 583 | 1 | |a Archivierung/Langzeitarchivierung gewährleistet |f FID |x XA-DE-BW |2 pdager |5 DE-16-77 | |
| 650 | 0 | |a Consciousness ; Congresses | |
| 650 | 0 | |a Mind and body ; Congresses | |
| 650 | 0 | |a Consciousness ; Religious aspects ; Jainism ; Congresses | |
| 650 | 0 | |a Consciousness ; Religious aspects ; Hinduism ; Congresses | |
| 650 | 0 | |a Philosophy and science ; Congresses | |
| 650 | 0 | |a Yoga ; Congresses | |
| 655 | 7 | |a Konferenzschrift |0 (DE-588)1071861417 |0 (DE-627)826484824 |0 (DE-576)433375485 |2 gnd-content | |
| 689 | 0 | 0 | |d s |0 (DE-588)4374155-1 |0 (DE-627)184285798 |0 (DE-576)21176597X |2 gnd |a Indische Philosophie |
| 689 | 0 | 1 | |d s |0 (DE-588)4006349-5 |0 (DE-627)106377876 |0 (DE-576)208865217 |2 gnd |a Bewusstsein |
| 689 | 0 | 2 | |d s |0 (DE-588)4019830-3 |0 (DE-627)104658835 |0 (DE-576)208930884 |2 gnd |a Geist |
| 689 | 0 | 3 | |d s |0 (DE-588)4035151-8 |0 (DE-627)104493887 |0 (DE-576)209010991 |2 gnd |a Leib-Seele-Problem |
| 689 | 0 | 4 | |d s |0 (DE-588)4494545-0 |0 (DE-627)242222366 |0 (DE-576)213017571 |2 gnd |a Interkulturelle Philosophie |
| 689 | 0 | 5 | |d s |0 (DE-588)4041421-8 |0 (DE-627)106219324 |0 (DE-576)209044837 |2 gnd |a Naturwissenschaften |
| 689 | 0 | |5 (DE-627) | |
| 700 | 0 | |e VerfasserIn eines Vorworts |0 (DE-588)118523449 |0 (DE-627)127356843 |0 (DE-576)160461693 |4 wpr |a Bstan-vdzin-rgya-mtsho |c Dalai Lama XIV. |d 1935- | |
| 700 | 1 | |e HerausgeberIn |0 (DE-627)147089548X |0 (DE-576)40089548X |4 edt |a Gourdon, Come Carpentier de | |
| 700 | 1 | |a Mahajan, Anmol |e HerausgeberIn |4 edt | |
| 710 | 2 | |e VeranstalterIn |0 (DE-588)811298-8 |0 (DE-627)102585210 |0 (DE-576)192306928 |4 orm |a National Institute of Mental Health and Neurosciences |g Bangalore | |
| 856 | 4 | 2 | |u https://swbplus.bsz-bw.de/bsz188927609Xinh.htm |m V:DE-576 |m B:DE-16 |v 20240802193258 |3 Inhaltsverzeichnis |7 1 |
| 935 | |a mteo | ||
| 951 | |a BO | ||
| ACO | |a 1 | ||
| ELC | |b 1 | ||
| LOK | |0 000 xxxxxcx a22 zn 4500 | ||
| LOK | |0 001 4638437559 | ||
| LOK | |0 003 DE-627 | ||
| LOK | |0 004 188927609X | ||
| LOK | |0 005 20241218111314 | ||
| LOK | |0 008 241218||||||||||||||||ger||||||| | ||
| LOK | |0 040 |a DE-Tue135 |c DE-627 |d DE-Tue135 | ||
| LOK | |0 092 |o n | ||
| LOK | |0 852 |a DE-Tue135 | ||
| LOK | |0 852 1 |9 00 | ||
| LOK | |0 935 |a hdsa | ||
| LOK | |0 939 |a 18-12-24 |b l01 | ||
| ORI | |a SA-MARC-ixtheoa001.raw | ||
| REL | |a 1 | ||
| STA | 0 | 0 | |a Body,Soul,Consciousness,Consciousness in literature,Consciousness in art,Indian philosophy,Intercultural philosophy,Intercultural understanding,Natural sciences,Natural sciences,Natural science,Science in literature,Spirit |
| STB | 0 | 0 | |a Conscience,Esprit,Philosophie indienne,Philosophie interculturelle,Problématique de l'esprit et du corps,Sciences de la nature,Sciences de la nature,Sciences,Sciences,Sciences (motif),Sciences |
| STC | 0 | 0 | |a Ciencias naturales,Ciencias naturales,Consciencia,Espíritu,Filosofía indiana,Filosofía intercultural,Problema de cuerpo-alma |
| STD | 0 | 0 | |a Coscienza,Filosofia indiana,Filosofia interculturale,Problematica del corpo e dell'anima,Scienze naturali,Scienze naturali,Spirito |
| STE | 0 | 0 | |a 印度哲学,心物问题,身心问题,心身问题,意识,知觉,灵,精神,自然科学,自然科学,跨文化理解 |
| STF | 0 | 0 | |a 印度哲學,心物問題,身心問題,心身問題,意識,知覺,自然科學,自然科學,跨文化理解,靈,精神 |
| STG | 0 | 0 | |a Ciências naturais,Ciências naturais,Consciência,Espírito,Filosofia indiana,Filosofia intercultural,Problema de corpo-alma |
| STH | 0 | 0 | |a Дух,Естественные науки (мотив),Естественные науки,Индийская философия,Межкультурная философия,Проблема плоти и души,Сознание |
| STI | 0 | 0 | |a Διαπολιτισμική φιλοσοφία,Ινδική φιλοσοφία,Πνεύμα,Πρόβλημα σώματος-ψυχής,Συνείδηση,Φυσικές επιστήμες (μοτίβο),Φυσικές επιστήμες |
| SUB | |a REL | ||
| SYG | 0 | 0 | |a Mind , Seele,Körper,Körper-Geist-Beziehung,Körper-Seele-Beziehung,Leib-Seele-Beziehung,Psychophysisches Problem,Leib,Seele , Philosophie,Komparative Philosophie,Transkulturelle Philosophie , Naturforschung,Naturlehre,Naturwissenschaft,Naturforschung,Naturlehre,Naturwissenschaft |